000 00569nam a2200181 i 4500
001 130806
003 ES-MaACL
005 20230906193841.0
007 t|
008 070808s1965 sp ||||1| spa d
100 1 _aZeines, Ben.
_9118151
245 1 0 _aFundamentos de servomecanismos /
_cBen Zeines ; [traducida por Juan Antonio de Miguel Menoyo].
260 _aMadrid :
_bParaninfo,
_c1965.
300 _a283 p. :
_bil. ;
_c22 cm.
650 1 4 _aServomecanismos.
_917072
700 1 _aMiguel Menoyo, Juan Antonio de.
_981028
852 _aES-MaACL
_jC-28262
_bR.57607
999 _c130806
_d130806